| 000 | 00000nam 2200000za 4500 |
| 001 | 9.630794 |
| 003 | CaOODSP |
| 005 | 20210921101633 |
| 007 | cr ||||||||||| |
| 008 | 150407s2002 onc|||||o f|0| 0 fre d |
| 040 | |aCaOODSP|bfre |
| 043 | |an-cn--- |
| 086 | 1 |aC2-422/2002F-IN |
| 110 | 1 |aCanada. |bBureau de la consommation. |
| 245 | 10|aGuide du consommateur canadien |h[ressource électronique]. |
| 260 | |aOttawa : |bIndustrie Canada, |c2002. |
| 300 | |a66 p. |
| 520 | 3 |aUn consommateur averti sait se renseigner. Ce guide pratique sur les droits des consommateurs vous présente des conseils, un aide-mémoire sur les points à surveiller et un répertoire de ressources utiles. |
| 538 | |aAdobe Acrobat |
| 590 | |a02-26|b2002-06-28 |
| 691 | 07|aProtection du consommateur|2gcpds |
| 775 | 08|tCanadian consumer handbook |w(CaOODSP)9.686318 |
| 795 | |tGuide du consommateur canadien |w(CaOODSP)9.639294 |
| 856 | 40|ahttp://publications.gc.ca|s689 Ko|qPDF|uhttps://publications.gc.ca/collections/Collection/C2-422-2002F.pdf |